Los años chilenos de Raúl Ruiz
Enregistré dans:
| Auteur principal: | |
|---|---|
| Format: | Livre |
| Langue: | espagnol |
| Publié: |
Santiago
Catalonia
2019
|
| Édition: | 1a. ed |
| Collection: | Colección Tal Cual
|
| Sujets: | |
| Tags: |
Ajouter un tag
Pas de tags, Soyez le premier à ajouter un tag!
|
MARC
| LEADER | 00000cam a2200000 a 4500 | ||
|---|---|---|---|
| 001 | UCB0259 | ||
| 003 | CL-VaPUC | ||
| 005 | 20250206114201.0 | ||
| 008 | 191220e20190000cl spa d | ||
| 999 | |c 375906 |d 375904 | ||
| 020 | |a 9789563247350 | ||
| 040 | |c Pontificia Universidad Católica de Valparaíso | ||
| 082 | 0 | 4 | |a 791.4309 CAC 2019 |2 21 |
| 100 | 1 | |a Cáceres, Yenny |e author |9 604850 | |
| 245 | 1 | 4 | |a Los años chilenos de Raúl Ruiz |
| 250 | |a 1a. ed | ||
| 260 | |a Santiago |b Catalonia |c 2019 | ||
| 300 | |a 334 p | ||
| 490 | 0 | |a Colección Tal Cual | |
| 583 | |a last modification |c 20191220 13:26:00 |k cmena | ||
| 600 | 1 | 7 | |a RUIZ, RAUL |2 CL-VaPUC |9 269308 |
| 650 | 0 | 0 | |a Directores de cine |9 368705 |
| 650 | 0 | 0 | |a Productores y directores de cine |9 266427 |
| 650 | 0 | 0 | |a Biografías |9 255210 |
| 942 | |c BK |2 ddc | ||
| 945 | |a dcastane |d 20191220 13:26:00 | ||
| 952 | |0 0 |1 0 |2 ddc |4 0 |6 791_430900000000000_CAC_2019 |7 0 |9 495012 |a FDOSRS |b FDOSRS |d 2019-12-13 |e 4 |g 20190.00 |i 5568110 |o 791.4309 CAC 2019 |p 5568110 |r 2023-01-11 |t 1 |v 20190.00 |w 2019-12-13 |y BK | ||